| 000 | 01153namaa22003251i 4500 | ||
|---|---|---|---|
| 003 | EG-GICUC | ||
| 005 | 20260402121248.0 | ||
| 008 | 260402s2002 ua ||||jr|||| 000 0 ara d | ||
| 017 |
_a2002 / 11091 _bدار الكتب والوثائق القومية (مصر) |
||
| 020 | _a9770908819 | ||
| 040 |
_aEG-GiCUC _bara _cEG-GiCUC _dEG-GiCUC _erda |
||
| 043 | _af--ua | ||
| 082 | 0 | 4 |
_221 _a214.27 _bL118 |
| 092 | 0 | 4 |
_221 _a214.27 _bL118 |
| 099 | _a214.27 L118 | ||
| 100 | 1 |
_aلبيب، هانى _eمؤلف. |
|
| 245 | 1 | 2 |
_aالحوار المسيحى الاسلامى : _bرؤية جديدة / _cهانى لبيب |
| 250 | _aالطبعة الاولى | ||
| 264 |
_aالقاهرة (مصر) : _bمكتبة الشروق الدولية، _c2002. |
||
| 300 |
_a35 صفحة ؛ _c24 سم |
||
| 336 |
_2rdacontent _atext |
||
| 337 |
_2rdamedia _aUnmediated |
||
| 338 |
_2rdacarrier _avolume |
||
| 504 | _a32-35 ببليوجرافيا: صفحات. | ||
| 541 |
_aد. جابر عصفور ؛ _bالقاهرة ؛ _cإهداء ؛ _d2024. |
||
| 650 | 1 | 7 |
_aالاسلام والمسيحية _2qrmak |
| 651 | 1 | _2qrmak | |
| 905 | _aNermeen | ||
| 942 |
_2ddc _cBK _e21 _n0 |
||
| 999 |
_c179146 _d179146 |
||